Médiuns / (Registro n. 8236)
[ somente texto ]
| 000 -LÍDER | |
|---|---|
| campo de controle de tamanho fixo | 01183nam a2200241 a 4500 |
| 001 - NÚMERO DE CONTROLE | |
| campo de controle | BS0003174 |
| 003 - IDENTIFICADOR DO NÚMERO DE CONTROLE | |
| campo de controle | BR-BrBNA |
| 005 - DATA E HORÁRIO DA ÚLTIMA TRANSAÇÃO | |
| campo de controle | 20230418192235.0 |
| 008 - CAMPO DE DADOS FIXOS--INFORMAÇÃO GERAL | |
| campo de controle de tamanho fixo | 230308b |||||||| |||| 00| 0 por d |
| 040 ## - FONTE DA CATALOGAÇÃO | |
| Instituição da catalogação original | BR-BrBNA |
| Idioma da catalogação | por |
| Instituição que transcreveu o registro | Biblioteca Nacional de Agricultura |
| 041 ## - CÓDIGO DE IDIOMA | |
| Código do idioma do texto/trilha sonora ou título diferente | por |
| 072 ## - CÓDIGO DE CATEGORIA DE ASSUNTO | |
| Código de Categoria de Assunto | B59 |
| 090 ## - NÚMERO DE CHAMADA LOCAL | |
| Número de chamada | B59 BS0003174 |
| 100 1# - ENTRADA PRINCIPAL--NOME PESSOAL | |
| Nome pessoal | Carrara, Orson Peter. |
| 245 1# - TÍTULO | |
| Título | Médiuns / |
| 250 1# - EDIÇÃO | |
| Edição | s.ed |
| 260 3# - PUBLICAÇÃO, DISTRIBUIÇÃO, ETC. | |
| Local de publicação, distribuição, etc. | São Paulo, SP: |
| Nome do editor, distribuidor, etc. | Mythos, |
| Data da publicação, distribuição, etc. | 2010. |
| 300 ## - DESCRIÇÃO FÍSICA | |
| Extensão | 178 p. |
| 520 3# - NOTA DE RESUMO, ETC | |
| Resumo, etc. | A descoberta da existência do Espírito é uma fatalidade evolutiva. Sendo o intercâmbio entre as várias instâncias do universo uma lei natural, não há como a mediunidade não ser descoberta. É só uma questão de tempo. Podemos dizer que a humanidade está dividida em duas partes: os que acreditam no fenômeno mediúnico e os que acreditarão. Não há como evitar. É lei natural. Esta obra visa a facilitar o entendimento sobre os médiuns e a mediunidade, com linguagem fácil e clara, sempre baseada nos princípios do Espiritismo, especialmente em O Livro dos Médiuns, de Allan Kardec.<br/><br/> |
| 650 ## - ASSUNTO--TERMO TÓPICO | |
| Cabeçalho tópico ou nome geográfico | ESPIRITISMO |
| 909 ## - | |
| -- | 202304 |
| -- | Sergio Santos |
| -- | 56 |
| -- | Sergio Santos |
| 942 ## - ELEMENTOS DE ENTRADA ADICIONADOS (KOHA) | |
| Tipo de material Koha | Livros |
| Situação do descarte | Fonte da classificação ou esquema de arquivamento na estante | Situação física | Não pode ser emprestado | Coleção | Biblioteca de origem | Biblioteca atual | Total de empréstimos | Número de telefone completo | Código de barras | Data de último acesso | Número do exemplar | Tipo de material Koha | Situação das perdas | Data de aquisição | Fonte de aquisição | Qualificador de local codificado |
|---|---|---|---|---|---|---|---|---|---|---|---|---|---|---|---|---|
| Classificação AGRIS | Acervo Cultural | Biblioteca Nacional de Agricultura - Binagri | Biblioteca Nacional de Agricultura - Binagri | B59 BS0003174 | B59 BS0003174 | 12/04/2023 | 01 | Livros | 2023-04-04 | Doação | B59 |

BINAGRI